00520 2200181 4500001002100000005001500021035002000036245007500056100002500131300002100156700002800177260003400205082001000239084001600249020002200265600002500287990002600312INLIS00000000000040620251030014149 a0010-10250002241 aPsikologi Remaja :bPerkembangan Peserta Didik /cProf.Dr.Mohammad Ali0 aProf.Dr.Mohammad Ali a212 hlm ;c23 cm0 aProf.Dr.Mohammad Asrori aJakarta :bBumi Aksara,c2010 a155.5 a155.5 PRO p a978-979-526-959-5 4aProf.Dr.Mohammad Ali a2022/SMKMIRI/2665/001